Statistiken für Harry Potter Allgemeinwissen #2

Klicken Sie hier um das Quiz zu spielen!

Allgemein

  • Dieses Quiz wurde 1.855 mal gespielt
  • Das Durchschnittsergebnis liegt bei 11 aus 15

Antwortstatistiken

FrageAntwort% Korrekt
Von wem wurde Dumbledore mit einem
Avada Kedavra getroffen?
Professor Snape
95%
Welche Gestalt ist Remus Lupin über Nacht?Werwolf
94%
Wie heißt das Gleis, wo der Hogwarts Express
in London ankommt?
9 3/4
93%
Was sucht Harry Potter im Spiel
Quidditch?
den goldenen Schnatz
93%
Wer sollte Dumbledore eigentlich umbringen?Draco Malfoy
92%
Wer ist Snape´s Erzfeind in seiner Jugend?James Potter
92%
Welche Kreaturen lauern um Hogwarts
und sehen aus wie Gespenster?
Dementoren
87%
Nennen sie ein Heiligtum des Todes!Der Elderstab, Der Stein der Auferstehung, Der Tarnumhang
82%
Was holt Hagrid aus der Gringotts Bank raus?den Stein der Weisen
80%
Wer besitzt im späteren Verlauf in der
Winkelgasse einen Süßigkeitenladen?
Fred & George
72%
Durch was war Hermine besonders gut,
weil sie durch Wiederholen der Zeit, versäumtes nachholen kann?
durch den Zeitumkehrer
62%
Welcher Professor brachte den Schülern
"Wingardium Leviosa" bei?
Professor Flitwick
61%
Was muss Dobby der Hauself
tun, wenn er einen Fehler begeht?
sich selbst bestrafen
53%
Mit welcher Waffe hat Neville Longbottom
Nagini getötet?
Das Schwert von Godric Gryffindor
48%
Und wie heißt die Verliesnummer?713
28%

Verteilung der Resultate

Perzentil nach korrekt beantworteten Fragen

Anzahl Personen mit jedem Resultat

Ihre Resultats-Entwicklung

Sie haben dieses Quiz noch nicht gespielt